书目信息 |
| 题名: |
聚焦奥运
|
|
| 作者: | 赵长杰 编著 | |
| 分册: | ||
| 出版信息: | 北京 时事出版社 2004 |
|
| 页数: | 12,432页 | |
| 开本: | 21cm | |
| 丛书名: | ||
| 单 册: | ||
| 中图分类: | G811.21 | |
| 科图分类: | ||
| 主题词: | 奥运会 , 奥运会--基本知识 | |
| 电子资源: | ||
| ISBN: | 7-80009-831-1 | |
| 000 | 01211nam0 2200337 450 | |
| 000 | 01174nam0 2200325 450 | |
| 000 | 01173nam0 2200337 450 | |
| 000 | 01119nam0 2200313 450 | |
| 000 | 01137nam0 2200301 450 | |
| 000 | 01100nam0 2200289 45 | |
| 001 | TS-117626 | |
| 005 | 20070115144202.00 | |
| 010 | @a7-80009-831-1@dCNY28.00 | |
| 100 | @a20060829d2004 em y0chiy0110 ea | |
| 101 | 0 | @achi |
| 102 | @aCN@b110000 | |
| 105 | @aa z 000yy | |
| 200 | 1 | @a聚焦奥运@AJu Jiao Ao Yun@e零距离接触奥运@ELing Ju Li Jie Chu Ao Yun@f赵长杰等编著@FZhao Chang Jie Deng Bian Zhu |
| 210 | @a北京@c时事出版社@d2004 | |
| 215 | @a12,432页@c照片@d21cm | |
| 330 | @a本书分为六部分,内容包括:奥运会各项目起源、奥运冠军介绍、奥运故事、奥运会项目规则等,系统、全面地展现了奥林匹克的精神风貌。 | |
| 510 | 1 | @aFocus Olympiad@zeng |
| 517 | 1 | @a零距离接触奥运@ALing Ju Li Jie Chu Ao Yun |
| 606 | 0 | @a奥运会 |
| 606 | 0 | @a奥运会@x基本知识 |
| 690 | @aG811.21@v4 | |
| 701 | 0 | @a赵长杰@AZhao Chang Jie@f(1969~)@4编著 |
| 801 | 0 | @aCN@b中图数据@c20070115 |
| 905 | @a10447@dG811.21@e37 | |
| 聚焦奥运:零距离接触奥运/赵长杰等编著.-北京:时事出版社,2004 |
| 12,432页:照片;21cm |
| ISBN 7-80009-831-1:CNY28.00 |
| 本书分为六部分,内容包括:奥运会各项目起源、奥运冠军介绍、奥运故事、奥运会项目规则等,系统、全面地展现了奥林匹克的精神风貌。 |
| ● |
| 相关链接 |
|
|
|
|
正题名:聚焦奥运
索取号:G811.21/37
 
预约/预借
| 序号 | 登录号 | 条形码 | 馆藏地/架位号 | 状态 | 备注 |
| 1 | 0611361 | 206113613 | 第一样本阅览室/ [索取号:G811.21/37] | 在馆 | |
| 2 | 0611362 | 206113622 | 第四借阅区/ [索取号:G811.21/37] | 在馆 | |
| 3 | 0611363 | 206113631 | 第四借阅区/ [索取号:G811.21/37] | 在馆 | |
| 4 | 0611364 | 206113640 | 第四借阅区/ [索取号:G811.21/37] | 在馆 | |
| 5 | 0611365 | 206113659 | 第四借阅区/ [索取号:G811.21/37] | 在馆 |